000 00587nam a2200193Ia 4500
005 20250508164920.0
008 008 250505s9999 xx 000 0 eng d
037 _aDissertations
040 _aFEDL
_beng
_cFEDL
041 _aeng
_2eng
084 _a370.954, BAR/DI
_qFEDL
100 _aBarwal Satveer Singh
245 0 _aSocio-economic and political study of post-independence Indian education commissions
260 _c1997
300 _a90p.
546 _aM.Ed. Dissertation (Delhi University)
942 _cDIS
_h370.954, BAR/DI
999 _c1391991
_d1391991